MARC details
| 000 -LEADER |
| fixed length control field |
01194cam a2200325 i 4500 |
| 001 - CONTROL NUMBER |
| control field |
2706189 |
| 003 - CONTROL NUMBER IDENTIFIER |
| control field |
BDDh-ASL |
| 005 - DATE AND TIME OF LATEST TRANSACTION |
| control field |
20231015025717.0 |
| 008 - FIXED-LENGTH DATA ELEMENTS--GENERAL INFORMATION |
| fixed length control field |
760512s1977 enka b 001 0beng |
| 010 ## - LIBRARY OF CONGRESS CONTROL NUMBER |
| LC control number |
76010407 |
| 020 ## - INTERNATIONAL STANDARD BOOK NUMBER |
| International Standard Book Number |
0521212790 : |
| Terms of availability |
$20.00 |
| 040 ## - CATALOGING SOURCE |
| Original cataloging agency |
DLC |
| Transcribing agency |
DLC |
| Modifying agency |
BDDh-ASL |
| 043 ## - GEOGRAPHIC AREA CODE |
| Geographic area code |
a-ii--- |
| 050 00 - LIBRARY OF CONGRESS CALL NUMBER |
| Classification number |
DS481.G3 |
| Item number |
B73 |
| 082 00 - DEWEY DECIMAL CLASSIFICATION NUMBER |
| Classification number |
923.5403 |
| -- |
B |
| Item number |
BRG |
| 100 1# - MAIN ENTRY--PERSONAL NAME |
| Personal name |
Brown, Judith M. |
| Fuller form of name |
(Judith Margaret), |
| Dates associated with a name |
1944- |
| 245 10 - TITLE STATEMENT |
| Title |
Gandhi and civil disobedience : |
| Remainder of title |
the Mahatma in Indian politics, 1928-34 / |
| Statement of responsibility, etc. |
Judith M. Brown. |
| 260 ## - PUBLICATION, DISTRIBUTION, ETC. |
| Place of publication, distribution, etc. |
Cambridge : |
| Name of publisher, distributor, etc. |
Cambridge University Press, |
| Date of publication, distribution, etc. |
1977. |
| 300 ## - PHYSICAL DESCRIPTION |
| Extent |
xix, 414 p. : |
| Other physical details |
ill. ; |
| Dimensions |
23 cm. |
| 500 ## - GENERAL NOTE |
| General note |
Includes index. |
| 504 ## - BIBLIOGRAPHY, ETC. NOTE |
| Bibliography, etc. note |
Bibliography: p. 398-403. |
| 600 10 - SUBJECT ADDED ENTRY--PERSONAL NAME |
| Personal name |
Gandhi, |
| Titles and other words associated with a name |
Mahatma, |
| Dates associated with a name |
1869-1948. |
| 650 #0 - SUBJECT ADDED ENTRY--TOPICAL TERM |
| Topical term or geographic name entry element |
Passive resistance |
| Geographic subdivision |
India. |
| 650 #0 - SUBJECT ADDED ENTRY--TOPICAL TERM |
| Topical term or geographic name entry element |
Civil disobedience |
| Geographic subdivision |
India. |
| 651 #0 - SUBJECT ADDED ENTRY--GEOGRAPHIC NAME |
| Geographic name |
India |
| General subdivision |
Politics and government |
| Chronological subdivision |
1919-1947. |
| 856 41 - ELECTRONIC LOCATION AND ACCESS |
| Materials specified |
Table of contents only |
| Uniform Resource Identifier |
<a href="http://www.loc.gov/catdir/enhancements/fy0916/76010407-t.html">http://www.loc.gov/catdir/enhancements/fy0916/76010407-t.html</a> |
| 856 42 - ELECTRONIC LOCATION AND ACCESS |
| Materials specified |
Publisher description |
| Uniform Resource Identifier |
<a href="http://www.loc.gov/catdir/enhancements/fy0916/76010407-d.html">http://www.loc.gov/catdir/enhancements/fy0916/76010407-d.html</a> |
| 906 ## - LOCAL DATA ELEMENT F, LDF (RLIN) |
| a |
7 |
| b |
cbc |
| c |
orignew |
| d |
1 |
| e |
ocip |
| f |
19 |
| g |
y-gencatlg |
| 942 ## - ADDED ENTRY ELEMENTS (KOHA) |
| Source of classification or shelving scheme |
Dewey Decimal Classification |
| Koha item type |
Books |